Mixed Word: Disney & Pixar Quiz Stats

 Plays Quiz Updated Jul 24, 2018

Also try: Pixar A-Z
Challenge
Share
Tweet
Embed
Score 0/16 Timer 03:00
3 Plays Today
Scrambled Name Pixar Character % Correct
ODTDot
97.6%
ZUBZ REALTHIGYBuzz Lightyear
95.2%
DOWOYWoody
85.1%
GIHTNINLG EMUQCENLightning Mcqueen
82.9%
PSYGYGypsy
81%
YUSELLSulley
69%
TAUOAuto
66%
SELSLURRussell
46.9%
Scrambled Name Pixar Character % Correct
PERMHUTThumper
46.2%
LIRAMNMarlin
42.8%
ALICECelia
27.4%
MOANERRamone
19%
NERDYOMSSyndrome
17.6%
FREADLOAlfredo
15.5%
MOILLFREFillmore
7.9%
LASIRTIELGElastigirl
3.5%

You're not logged in!

Compare scores with friends on all Sporcle quizzes.
OR
Log In

You Might Also Like...

Show Comments

Extras

Top Quizzes Today


Score Distribution

Your Account Isn't Verified!

In order to create a playlist on Sporcle, you need to verify the email address you used during registration. Go to your Sporcle Settings to finish the process.

Report this User

Report this user for behavior that violates our Community Guidelines.

Details: